Lanean...
Khitabul meezan wal ajnas
| Egile nagusia: | |
|---|---|
| Formatua: | Printed Book |
| Argitaratua: |
Kozhikode:
Makhtabul,
|
| Gaiak: |
| LEADER | 00450nam a22001337a 4500 | ||
|---|---|---|---|
| 082 | |a A492.75 |b ABD/K | ||
| 100 | |a Abdu Rahman Muhammed Adar Sheeri | ||
| 245 | |a Khitabul meezan wal ajnas | ||
| 260 | |a Kozhikode: |b Makhtabul, | ||
| 650 | |a Arabic grammar | ||
| 650 | |a Arabic morphology | ||
| 942 | |c BK | ||
| 999 | |c 42816 |d 42816 | ||
| 952 | |0 0 |1 0 |4 0 |6 A_492_750000000000000_ABDK |7 0 |8 Stack |9 46687 |a KUCL |b KUCL |c A |d 2016-12-03 |l 0 |o A492.75 ABD/K |p 42411 |r 2017-02-14 |w 2016-12-03 |y BK | ||